| 000 | 00514nam a2200145Ia 4500 | ||
|---|---|---|---|
| 999 |
_c14603 _d14603 |
||
| 082 | _aTG.0241 | ||
| 100 | _aGupta, Vijaya | ||
| 245 | 0 | _aGrowth and development of children's literature in Hindi published in independent India | |
| 260 |
_c1991 _bUniversity of Delhi |
||
| 300 | _av.p. + C D - 39 | ||
| 650 | _aCHILDREN'S LITERATURE, HINDI - INDIA | ||
| 650 | _aHINDI CHILDREN'S LITERATURE//CHILDREN'S LITERATURE, HINDI | ||
| 710 | _aHINDI CHILDREN'S LITERATURE//CHILDREN'S LITERATURE, HINDI | ||
| 942 |
_cTH _2ddc |
||